000 00415nam a2200145Ia 4500
008 220217s9999||||xx |||||||||||||| ||und||
020 _a9788120320390
082 _a624.1834 VAR
100 _aVarghese, P.S
_92894
245 0 _aLimit state design of reinforced design
250 _a2nd
260 _aPrentice hall of india
_bNew Delhi
_c2018
300 _aXXXIV, 545p.
_b325
650 _aCONCRETE TECHNOLOGY
999 _c188337
_d188337